[Event "TCh-TUR Super League 2014"]
[Site "Kocaeli TUR"]
[Date "2014.08.22"]
[Round "5.3"]
[Board "2"]
[White "Amonatov, Farrukh"]
[Black "Artemiev, Vladislav"]
[Result "1/2-1/2"]
[WhiteTitle "GM"]
[BlackTitle "GM"]
[WhiteElo "2590"]
[BlackElo "2650"]
[WhiteTeam "Hatay Buyuksehir Belediye Genclik VE Spor Kulubu"]
[BlackTeam "Istanbul Teknik Universitesi Socar – K.N.I."]
[WhiteFideId "14700077"]
[BlackFideId "24101605"]
[EventDate "2014.08.18"]

1. e4 c5 2. Nf3 e6 3. d4 cxd4 4. Nxd4 a6 5. Bd3 Nf6 6. O-O Qc7 7. Qe2 d6 8. c4
g6 9. Nc3 Bg7 10. Nf3 O-O 11. Bf4 Nh5 12. Bd2 Nd7 13. Rac1 b6 14. Rfd1 Bb7 15.
b4 Rac8 16. Be3 Qb8 17. Qd2 Rfe8 18. Bh6 Bf6 19. Be2 Be7 20. Ng5 Ng7 21. h3 Bf8
22. f4 f6 23. Nf3 Qa8 24. Bd3 Rc7 25. a3 Rec8 26. Bxg7 Bxg7 27. Nd4 Re8 28. Qa2
Nf8 29. f5 gxf5 30. exf5 Bh6 31. Nxe6 Nxe6 32. fxe6 Be3+ 33. Kh1 Bxc1 34. Rxc1
Rg7 35. Nd5 Rxe6 36. Qf2 Qd8 37. Bf5 Re5 38. Bg4 f5 39. Bf3 b5 40. Qd4 bxc4 41.
Qxc4 Kh8 42. Qd4 Qg5 43. Rf1 Qg3 44. Qd2 Qh4 45. Ne3 Qg5 46. Qxd6 Rxe3 47. Qb8+
Rg8 48. Qxb7 Rxa3 49. b5 axb5 50. Qxb5 Qf6 51. Qb1 Qe5 52. Re1 Qf6 53. Rf1 Rf8
54. Bg4 Ra5 55. Bf3 Re5 56. Qb2 Kg7 57. Qa1 Rfe8 58. Qd4 Rd8 59. Qc3 Rd7 60. Qb2
Re3 61. Qxf6+ Kxf6 62. Kh2 Kg5 63. Bc6 Rdd3 64. Bb7 h6 65. Bc8 Re5 66. Bb7 Rb3
67. Bc6 h5 68. Bf3 Rc5 69. Ba8 Rb2 70. Bf3 Rc3 71. Bd5 Rd2 72. Bb7 Rc4 73. Ba8
Rb2 74. Bd5 Rd4 75. Bc6 Rb6 76. Ba8 h4 77. Bf3 Rf4 78. Be2 Rd4 79. Bf3 Rb2 80.
Bc6 Kf6 81. Ba8 Rb3 82. Bc6 Ke5 83. Ba8 Ra3 84. Bb7 Rc3 85. Ba8 Rc7 86. Re1+ Kd6
87. Rf1 Ra7 88. Bf3 Rb4 89. Rd1+ Ke5 90. Re1+ Kd4 91. Rf1 Ra5 92. Bh5 Ke3 93.
Rf3+ Kd2 94. Rf2+ Ke3 95. Rf3+ Ke4 96. Rf1 Rb2 97. Re1+ Kf4 98. Rf1+ Kg5 99. Bf3
Ra4 100. Bc6 Rd4 101. Ba8 Kf6 102. Bc6 Ke5 103. Ba8 Rb6 104. Re1+ Re4 105. Rf1
Rb8 106. Bc6 Rd4 107. Kg1 Kd6 108. Bf3 Rf4 109. Rd1+ Ke5 110. Re1+ Kf6 111. Bd5
Rb2 112. Bc6 Rff2 113. Kh2 Kg5 114. Kg1 Rfc2 115. Bd5 Kf4 116. Rf1+ Ke5 117. Bf3
Rc3 118. Kh2 Re3 119. Bc6 f4 120. Ba8 Rb4 121. Bc6 Rd4 122. Bb7 Kd6 123. Ba8 Kc5
124. Bb7 Kc4 125. Rc1+ Kb3 1/2-1/2

[Event "TCh-TUR Super League 2014"]
[Site "Kocaeli TUR"]
[Date "2014.08.22"]
[Round "5.3"]
[Board "3"]
[White "Can, Emre"]
[Black "Kazhgaleyev, Murtas"]
[Result "1-0"]
[WhiteTitle "GM"]
[BlackTitle "GM"]
[WhiteElo "2529"]
[BlackElo "2563"]
[WhiteTeam "Istanbul Teknik Universitesi Socar – K.N.I."]
[BlackTeam "Hatay Buyuksehir Belediye Genclik VE Spor Kulubu"]
[WhiteFideId "6302181"]
[BlackFideId "13700316"]
[EventDate "2014.08.18"]

1. d4 Nf6 2. Nf3 e6 3. c4 Bb4+ 4. Nbd2 O-O 5. a3 Be7 6. e4 d5 7. e5 Nfd7 8. Bd3
c5 9. h4 g6 10. h5 cxd4 11. Qc2 Nc5 12. cxd5 Nxd3+ 13. Qxd3 Qxd5 14. Ne4 Nd7 15.
Bh6 Re8 16. Bg5 b6 17. Bxe7 Rxe7 18. Nf6+ Nxf6 19. exf6 Rd7 20. hxg6 fxg6 21.
Kd2 Qd6 22. g3 e5 23. Rxh7 Qxf6 24. Rh6 Rg7 25. Rah1 Kf8 26. Qe4 Rb8 27. Qxe5
Qxe5 28. Nxe5 Bb7 29. R1h4 Rd8 30. Rh8+ Rg8 31. R4h7 Rxh8 32. Nxg6+ 1-0

[Event "TCh-TUR Super League 2014"]
[Site "Kocaeli TUR"]
[Date "2014.08.22"]
[Round "5.3"]
[Board "4"]
[White "Ali Marandi, Cemil Can"]
[Black "Kinsiz, Onur"]
[Result "1-0"]
[WhiteTitle "IM"]
[WhiteElo "2397"]
[BlackElo "2239"]
[WhiteTeam "Hatay Buyuksehir Belediye Genclik VE Spor Kulubu"]
[BlackTeam "Istanbul Teknik Universitesi Socar – K.N.I."]
[WhiteFideId "6300529"]
[BlackFideId "6301517"]
[EventDate "2014.08.18"]

1. e4 d6 2. d4 Nf6 3. Nc3 e5 4. Nf3 Nbd7 5. g4 exd4 6. Nxd4 Nc5 7. g5 Nfd7 8.
Be3 c6 9. Qd2 Nb6 10. O-O-O Be7 11. Nf5 Bxf5 12. exf5 Ncd7 13. Rg1 Qc7 14. Bf4
O-O-O 15. Bh3 Kb8 16. Ne4 Nd5 17. Bg3 Ne5 18. Qe2 f6 19. f4 Nf7 20. g6 Nh6 21.
Rge1 Rd7 22. c4 Nb6 23. Nc3 d5 24. cxd5 Nxd5 25. Nxd5 cxd5+ 26. Kb1 Bb4 27. Rc1
Qd8 28. Red1 d4 29. Qb5 Ba5 30. Bg2 Bb6 31. Bf2 Ng4 32. Bg1 hxg6 33. h3 a6 34.
Qd3 Nh6 35. fxg6 Re8 36. Rc4 Ka7 37. a4 a5 38. Bxd4 Rxd4 39. Rxd4 Qxd4 40. Qf3 1-0

[Event "TCh-TUR Super League 2014"]
[Site "Kocaeli TUR"]
[Date "2014.08.22"]
[Round "5.3"]
[Board "5"]
[White "Erdogan, Hakan"]
[Black "Korkmaz, Necmettin"]
[Result "1/2-1/2"]
[WhiteTitle "FM"]
[WhiteElo "2217"]
[BlackElo "2176"]
[WhiteTeam "Istanbul Teknik Universitesi Socar – K.N.I."]
[BlackTeam "Hatay Buyuksehir Belediye Genclik VE Spor Kulubu"]
[WhiteFideId "6300359"]
[BlackFideId "6303285"]
[EventDate "2014.08.18"]

1. d4 Nf6 2. c4 g6 3. Nc3 Bg7 4. e4 d6 5. Nf3 O-O 6. Be2 e5 7. dxe5 dxe5 8. Qxd8
Rxd8 9. Bg5 Re8 10. Nd5 Nxd5 11. cxd5 c6 12. Bc4 cxd5 13. Bxd5 Nd7 14. O-O-O h6
15. Be3 Nf6 16. Kb1 Nxd5 17. Rxd5 b6 18. Nd2 Be6 19. Rd3 f5 20. f3 f4 21. Bf2
Rac8 22. b3 Bf8 23. Kb2 Rc6 24. Nb1 Rec8 25. Rc3 Bb4 26. Rxc6 Rxc6 27. Rd1 Kf7
28. Rd8 Bc8 29. Rd5 Ke6 30. a3 Be7 31. b4 Bb7 32. b5 Rc7 33. Rd2 g5 34. Rc2 Rd7
35. Rd2 Bd6 36. Kb3 Rc7 37. Rc2 Rg7 38. h3 h5 39. Nd2 g4 40. hxg4 hxg4 41. a4 g3
42. Bg1 Rh7 43. Rc1 Rh1 44. Kc2 Bc8 45. Nc4 Bb8 46. a5 Bd7 47. axb6 axb6 48. Rb1
Bc7 49. Bxb6 Rxb1 50. Kxb1 Bxb5 51. Bxc7 Bxc4 52. Kc2 Bf1 53. Kd2 Bxg2 54. Ke2
Bh3 55. Bb8 Kf6 56. Bc7 Be6 57. Kf1 Bc4+ 58. Kg2 1/2-1/2

[Event "TCh-TUR Super League 2014"]
[Site "Kocaeli TUR"]
[Date "2014.08.22"]
[Round "5.3"]
[Board "6"]
[White "Batsiashvili, Nino"]
[Black "Asan, Elvan"]
[Result "1-0"]
[WhiteTitle "IM"]
[WhiteElo "2435"]
[BlackElo "1821"]
[WhiteTeam "Hatay Buyuksehir Belediye Genclik VE Spor Kulubu"]
[BlackTeam "Istanbul Teknik Universitesi Socar – K.N.I."]
[WhiteFideId "13602993"]
[BlackFideId "6312209"]
[EventDate "2014.08.18"]

1. d4 d5 2. c4 c6 3. Nf3 Nf6 4. e3 Bg4 5. Nc3 e6 6. h3 Bh5 7. g4 Bg6 8. Ne5 Nbd7
9. Nxg6 hxg6 10. cxd5 exd5 11. g5 Nh7 12. f4 Bd6 13. Bd3 Qe7 14. Qf3 O-O-O 15.
Bd2 Kb8 16. O-O-O Nhf8 17. h4 f5 18. Kb1 Qf7 19. Ne2 c5 20. Ng3 c4 21. Bc2 Nb6
22. h5 gxh5 23. Nxf5 Bc7 24. Rdg1 g6 25. Nh4 Rd6 26. f5 Rc6 27. e4 gxf5 28. exf5
Nfd7 29. Rf1 Rf8 30. Ng6 Rxg6 31. fxg6 Qxf3 32. Rxf3 Rxf3 33. g7 Rf8 34. gxf8=Q+
Nxf8 35. g6 Ne6 36. Re1 Ng7 37. Bh6 1-0

[Event "TCh-TUR Super League 2014"]
[Site "Kocaeli TUR"]
[Date "2014.08.22"]
[Round "5.3"]
[Board "7"]
[White "Ipatov, Alexander"]
[Black "Buyukasik, Diyap"]
[Result "1/2-1/2"]
[WhiteTitle "GM"]
[WhiteElo "2614"]
[BlackElo "2165"]
[WhiteTeam "Istanbul Teknik Universitesi Socar – K.N.I."]
[BlackTeam "Hatay Buyuksehir Belediye Genclik VE Spor Kulubu"]
[WhiteFideId "14116731"]
[BlackFideId "6319602"]
[EventDate "2014.08.18"]

1. d4 Nf6 2. Bg5 d5 3. e3 Ne4 4. Bf4 e6 5. Bd3 Nf6 6. Nc3 Bd6 7. Bg3 Nbd7 8. Nf3
Bxg3 9. hxg3 c5 10. Rh4 a6 11. dxc5 Nxc5 12. b4 Nxd3+ 13. Qxd3 Qc7 14. e4 dxe4
15. Nxe4 Nxe4 16. Rxe4 Bd7 17. Rc4 Bc6 18. Qc3 f6 19. O-O-O e5 20. a4 Rd8 21.
Rxd8+ Qxd8 22. b5 axb5 23. axb5 Bd7 24. Nxe5 fxe5 25. Qxe5+ Qe7 26. Qb8+ Kf7 27.
Rf4+ Kg6 28. Qxh8 Qe1+ 29. Kb2 Qe5+ 30. Kb1 Qe1+ 31. Ka2 Be6+ 32. c4 Qa5+ 33.
Kb3 Qxb5+ 34. Kc3 Qe5+ 35. Kb4 Qd6+ 36. Kb3 Qd3+ 37. Ka4 Qd7+ 38. Ka5 Qc7+ 39.
Kb5 Qc6+ 40. Kb4 Qd6+ 41. Kc3 Qe5+ 42. Kb3 Qb5+ 43. Kc2 Bf5+ 44. Kc3 Qa5+ 45.
Kd4 Qd2+ 46. Ke5 Qe2+ 47. Kd6 Qe6+ 48. Kc7 Qd7+ 49. Kb8 Qd6+ 50. Kxb7 Qd7+ 1/2-1/2

[Event "TCh-TUR Super League 2014"]
[Site "Kocaeli TUR"]
[Date "2014.08.22"]
[Round "5.3"]
[Board "8"]
[White "Abdimanoglu, Beste Basak"]
[Black "Abdumalik, Zhansaya"]
[Result "1/2-1/2"]
[BlackTitle "WGM"]
[WhiteElo "1872"]
[BlackElo "2333"]
[WhiteTeam "Hatay Buyuksehir Belediye Genclik VE Spor Kulubu"]
[BlackTeam "Istanbul Teknik Universitesi Socar – K.N.I."]
[WhiteFideId "6300286"]
[BlackFideId "13703544"]
[EventDate "2014.08.18"]

1. d4 Nf6 2. Bg5 e6 3. Nf3 h6 4. Bh4 d5 5. e3 c5 6. c3 Nbd7 7. Ne5 Qb6 8. Qc2
Bd6 9. Nxd7 Bxd7 10. Bxf6 gxf6 11. Nd2 Rc8 12. Bd3 Qc7 13. Nf3 Rg8 14. g3 b5 15.
Nh4 b4 16. Ba6 Rb8 17. Qh7 Rf8 18. dxc5 bxc3 19. b4 Be7 20. a3 Qc6 21. Bd3 a5
22. O-O axb4 23. axb4 Rxb4 24. Ra6 Qc8 25. Rfa1 Rb8 26. Bc2 Bxc5 27. Qxh6 Be7
28. Qh7 Bc5 29. Qg7 Be7 30. Qh7 Bc5 31. Qg7 Be7 32. Qh7 1/2-1/2

[Event "TCh-TUR Super League 2014"]
[Site "Kocaeli TUR"]
[Date "2014.08.22"]
[Round "5.3"]
[Board "9"]
[White "Sanal, Vahap"]
[Black "Temizkan, Denizcan"]
[Result "1-0"]
[WhiteTitle "IM"]
[BlackTitle "CM"]
[WhiteElo "2473"]
[BlackElo "1972"]
[WhiteTeam "Istanbul Teknik Universitesi Socar – K.N.I."]
[BlackTeam "Hatay Buyuksehir Belediye Genclik VE Spor Kulubu"]
[WhiteFideId "6300545"]
[BlackFideId "6325157"]
[EventDate "2014.08.18"]

1. e4 e5 2. Nf3 Nc6 3. Bb5 a6 4. Ba4 Nf6 5. O-O Be7 6. Re1 b5 7. Bb3 d6 8. c3
O-O 9. h3 Bb7 10. d4 exd4 11. cxd4 Na5 12. Bc2 c5 13. d5 Nd7 14. Nbd2 Bf6 15.
Rb1 Rc8 16. b3 Re8 17. Nf1 Rc7 18. Bd2 Rc8 19. Ne3 c4 20. Bb4 Ne5 21. Nxe5 Bxe5
22. Qd2 c3 23. Qc1 Bd4 24. Qa3 Bb6 25. Nf5 Rc5 26. Bxa5 1-0

[Event "TCh-TUR Super League 2014"]
[Site "Kocaeli TUR"]
[Date "2014.08.22"]
[Round "5.3"]
[Board "10"]
[White "Keskin, Suara"]
[Black "Hereklioglu, Sude"]
[Result "0-1"]
[BlackTitle "WCM"]
[WhiteElo "1674"]
[BlackElo "1846"]
[WhiteTeam "Hatay Buyuksehir Belediye Genclik VE Spor Kulubu"]
[BlackTeam "Istanbul Teknik Universitesi Socar – K.N.I."]
[WhiteFideId "6332650"]
[BlackFideId "6359531"]
[EventDate "2014.08.18"]

1. e4 c5 2. c3 d5 3. exd5 Qxd5 4. d4 cxd4 5. cxd4 e6 6. Nc3 Qd8 7. Nf3 Nf6 8.
Bc4 Be7 9. O-O Nbd7 10. d5 exd5 11. Nxd5 Nxd5 12. Qxd5 O-O 13. Be3 Bf6 14. Rad1
Qc7 15. Bd3 Bxb2 16. Bxh7+ Kxh7 17. Qh5+ Kg8 18. Rxd7 Bxd7 19. Ng5 Bf5 0-1

[Event "TCh-TUR Super League 2014"]
[Site "Kocaeli TUR"]
[Date "2014.08.22"]
[Round "5.4"]
[Board "1"]
[White "Dubov, Daniil"]
[Black "Inarkiev, Ernesto"]
[Result "1/2-1/2"]
[WhiteTitle "GM"]
[BlackTitle "GM"]
[WhiteElo "2614"]
[BlackElo "2666"]
[WhiteTeam "Ankara Demirspor Kulubu"]
[BlackTeam "Denizsu Aquamatch Satranc Genclik VE Spor Kulubu"]
[WhiteFideId "24126055"]
[BlackFideId "4162722"]
[EventDate "2014.08.18"]

1. e4 e5 2. Nf3 Nc6 3. d4 exd4 4. Nxd4 Bc5 5. Nb3 Bb6 6. Nc3 Nf6 7. Qe2 d6 8.
Be3 Qe7 9. O-O-O Be6 10. g3 O-O-O 11. Bg2 Rhe8 12. Rhe1 Qf8 13. Bxb6 axb6 14.
Nd4 Bg4 15. f3 Bd7 16. Ndb5 Be6 17. Qf2 Kb8 18. f4 Nd7 19. Re3 Nc5 20. a3 Bc4
21. Nd4 f6 22. a4 Nxd4 23. Rxd4 Bg8 24. Nb5 f5 25. exf5 1/2-1/2

[Event "TCh-TUR Super League 2014"]
[Site "Kocaeli TUR"]
[Date "2014.08.22"]
[Round "5.4"]
[Board "2"]
[White "Eljanov, Pavel"]
[Black "Onischuk, Vladimir"]
[Result "1-0"]
[WhiteTitle "GM"]
[BlackTitle "GM"]
[WhiteElo "2723"]
[BlackElo "2593"]
[WhiteTeam "Denizsu Aquamatch Satranc Genclik VE Spor Kulubu"]
[BlackTeam "Ankara Demirspor Kulubu"]
[WhiteFideId "14102951"]
[BlackFideId "14114038"]
[EventDate "2014.08.18"]

1. d4 Nf6 2. c4 g6 3. Nc3 Bg7 4. e4 d6 5. Nf3 O-O 6. Be2 e5 7. O-O Nc6 8. d5 Ne7
9. b4 Nh5 10. g3 f5 11. Ng5 Nf6 12. f3 f4 13. Kg2 Ne8 14. c5 a5 15. b5 dxc5 16.
Qb3 Nd6 17. Rd1 b6 18. Ne6 Bxe6 19. dxe6 Kh8 20. Bb2 g5 21. g4 h5 22. gxh5 Rf6
23. h4 gxh4 24. Rg1 c4 25. Bxc4 a4 26. Nxa4 Nxc4 27. Qxc4 Qd2+ 28. Kh3 Rxa4 29.
Qxc7 Rxe6 30. Qb8+ Kh7 31. Qe8 Qd6 32. Qf7 Ng6 33. hxg6+ Rxg6 34. Bxe5 Ra7 35.
Qxg6+ Qxg6 36. Rxg6 Bxe5 37. Rag1 Bd4 38. R1g2 Ra3 39. Kxh4 Rxf3 40. Kg5 1-0

[Event "TCh-TUR Super League 2014"]
[Site "Kocaeli TUR"]
[Date "2014.08.22"]
[Round "5.4"]
[Board "3"]
[White "Baklan, Vladimir"]
[Black "Esen, Baris"]
[Result "1-0"]
[WhiteTitle "GM"]
[BlackTitle "GM"]
[WhiteElo "2655"]
[BlackElo "2589"]
[WhiteTeam "Ankara Demirspor Kulubu"]
[BlackTeam "Denizsu Aquamatch Satranc Genclik VE Spor Kulubu"]
[WhiteFideId "14102196"]
[BlackFideId "6302114"]
[EventDate "2014.08.18"]

1. e4 c5 2. Nf3 d6 3. d4 cxd4 4. Nxd4 Nf6 5. Nc3 a6 6. h3 e6 7. g4 Be7 8. Bg2
Nfd7 9. O-O Nc6 10. Nce2 Qc7 11. c3 Rb8 12. f4 b5 13. Be3 Bb7 14. Rc1 g6 15. f5
e5 16. Nc2 Bh4 17. Bh6 Ne7 18. Ne1 Bxe1 19. Qxe1 Nc5 20. Rd1 gxf5 21. exf5 Bxg2
22. Kxg2 Qc6+ 23. Kh2 Ne4 24. Ng3 Nxg3 25. Qxg3 Rg8 26. f6 Ng6 27. Rf2 Rd8 28.
Rfd2 Rd7 29. Qg2 Qb6 30. Qa8+ Rd8 31. Qe4 Kd7 32. Qd5 Ke8 33. a4 Nf8 34. a5 Qc7
35. Be3 Qc8 36. Bb6 Rd7 37. c4 h5 38. c5 hxg4 39. c6 g3+ 40. Kg1 Rc7 41. Qxd6 1-0

[Event "TCh-TUR Super League 2014"]
[Site "Kocaeli TUR"]
[Date "2014.08.22"]
[Round "5.4"]
[Board "4"]
[White "Citak, Selim"]
[Black "Selbes, Tarik"]
[Result "0-1"]
[WhiteTitle "FM"]
[BlackTitle "FM"]
[WhiteElo "2340"]
[BlackElo "2289"]
[WhiteTeam "Denizsu Aquamatch Satranc Genclik VE Spor Kulubu"]
[BlackTeam "Ankara Demirspor Kulubu"]
[WhiteFideId "6301819"]
[BlackFideId "6302513"]
[EventDate "2014.08.18"]

1. d4 Nf6 2. c4 g6 3. Nc3 Bg7 4. e4 d6 5. Nf3 O-O 6. Be2 e5 7. O-O Nc6 8. Be3
Ng4 9. Bg5 f6 10. Bc1 exd4 11. Nxd4 f5 12. Nxc6 bxc6 13. exf5 gxf5 14. h3 Ne5
15. f4 Ng6 16. Bf3 Bd7 17. Be3 Rb8 18. Qd2 c5 19. g3 Ne7 20. Rfe1 Nc6 21. Bf2
Nd4 22. Bg2 Kh8 23. b3 Bc6 24. Nd5 a5 25. Rab1 Bxd5 26. Bxd5 Rb4 27. Qd3 c6 28.
Bg2 d5 29. cxd5 cxd5 30. a3 Rb7 31. b4 axb4 32. axb4 c4 33. Qxd4 Bxd4 34. Bxd4+
Kg8 35. b5 c3 36. b6 c2 37. Rb2 Re7 38. Rc1 Re4 39. Bxe4 dxe4 40. Be3 Qd1+ 41.
Kh2 Qe2+ 42. Kh1 Qxe3 43. Rcxc2 Rd8 44. Rb1 Qf3+ 45. Kh2 e3 46. Rbb2 Rd1 0-1

[Event "TCh-TUR Super League 2014"]
[Site "Kocaeli TUR"]
[Date "2014.08.22"]
[Round "5.4"]
[Board "5"]
[White "Tuncer, Ufuk"]
[Black "Secer, Ata"]
[Result "1/2-1/2"]
[WhiteTitle "FM"]
[BlackTitle "FM"]
[WhiteElo "2341"]
[BlackElo "2319"]
[WhiteTeam "Ankara Demirspor Kulubu"]
[BlackTeam "Denizsu Aquamatch Satranc Genclik VE Spor Kulubu"]
[WhiteFideId "6300847"]
[BlackFideId "6303293"]
[EventDate "2014.08.18"]

1. Nf3 d5 2. d4 Nf6 3. c4 c6 4. g3 dxc4 5. Bg2 g6 6. O-O Bg7 7. Na3 Be6 8. Ng5
Bd5 9. e4 h6 10. exd5 hxg5 11. dxc6 Nxc6 12. d5 Ne5 13. Nxc4 Nxc4 14. Qa4+ Qd7
15. Qxc4 Rc8 16. Qe2 O-O 17. Bxg5 Nxd5 18. Rad1 e6 19. h4 Qa4 20. h5 Rc2 21. Qd3
gxh5 22. b3 Qxa2 23. Bxd5 exd5 24. Qxd5 Rc3 25. Be7 Rfc8 26. Qg5 R3c6 27. Rd3
Qe2 28. Re3 Qg4 29. Qd5 Rc3 30. Rxc3 Rxc3 31. Qxb7 Bd4 32. Bh4 Qf3 33. Qxf3 Rxf3
34. b4 Rb3 35. Be7 Rxg3+ 36. Kh2 Rb3 37. Bc5 Bxc5 38. bxc5 Rb7 39. Ra1 Rc7 40.
Kg3 Kf8 41. Kf4 Ke7 42. Ke4 Rxc5 43. Rxa7+ Kf6 44. Kf3 Rf5+ 45. Kg3 Kg5 46. Ra4
Rb5 47. Rc4 Rb3+ 48. Kg2 h4 49. Ra4 f5 50. f3 Rb2+ 51. Kh3 Rf2 52. Rxh4 Rxf3+
53. Kg2 Ra3 54. Rb4 f4 55. Rb8 1/2-1/2

[Event "TCh-TUR Super League 2014"]
[Site "Kocaeli TUR"]
[Date "2014.08.22"]
[Round "5.4"]
[Board "6"]
[White "Dzagnidze, Nana"]
[Black "Gyokbulut, Julia"]
[Result "1-0"]
[WhiteTitle "GM"]
[BlackTitle "WFM"]
[WhiteElo "2550"]
[BlackElo "2098"]
[WhiteTeam "Denizsu Aquamatch Satranc Genclik VE Spor Kulubu"]
[BlackTeam "Ankara Demirspor Kulubu"]
[WhiteFideId "13601903"]
[BlackFideId "4153979"]
[EventDate "2014.08.18"]

1. d4 d5 2. c4 e6 3. Nc3 Nf6 4. cxd5 exd5 5. Bg5 c6 6. e3 Be7 7. Bd3 Nbd7 8.
Nge2 Nh5 9. Bxe7 Qxe7 10. Qc2 Ndf6 11. O-O-O O-O 12. Kb1 g6 13. h3 b5 14. g4 Ng7
15. Nc1 Re8 16. Rhe1 Ne4 17. Bxe4 dxe4 18. d5 Bd7 19. Nb3 a6 20. d6 Qe5 21. Nxe4
Ra7 22. Nbc5 Ne6 23. f4 Qg7 24. Nxd7 Rxd7 25. g5 f5 26. Nf6+ Kf8 27. Nxe8 Kxe8
28. Qxc6 1-0

[Event "TCh-TUR Super League 2014"]
[Site "Kocaeli TUR"]
[Date "2014.08.22"]
[Round "5.4"]
[Board "7"]
[White "Yuksel, Atilla Koksal"]
[Black "Firat, Burak"]
[Result "0-1"]
[WhiteTitle "CM"]
[BlackTitle "IM"]
[WhiteElo "2107"]
[BlackElo "2456"]
[WhiteTeam "Ankara Demirspor Kulubu"]
[BlackTeam "Denizsu Aquamatch Satranc Genclik VE Spor Kulubu"]
[WhiteFideId "6306667"]
[BlackFideId "6305881"]
[EventDate "2014.08.18"]

1. e4 e6 2. d4 d5 3. Nc3 Nf6 4. e5 Nfd7 5. f4 c5 6. Nf3 Nc6 7. Be3 Be7 8. Qd2 b6
9. Be2 O-O 10. Nd1 f5 11. O-O cxd4 12. Nxd4 Nxd4 13. Bxd4 Nc5 14. Nf2 g5 15. g3
Bb7 16. Qe3 Kh8 17. Kh1 Rc8 18. c3 a5 19. b4 Na4 20. Rfc1 Nb2 21. a3 Nc4 22. Qd3
Qc7 23. Nd1 gxf4 24. gxf4 Bh4 25. Ne3 Bf2 26. Nc2 Rg8 27. Bf3 Bxd4 28. Nxd4 Qe7
29. Be2 Qh4 30. Rf1 Rg6 31. Rf3 Rcg8 32. Raf1 Nd2 0-1

[Event "TCh-TUR Super League 2014"]
[Site "Kocaeli TUR"]
[Date "2014.08.22"]
[Round "5.4"]
[Board "8"]
[White "Patel, Yesim"]
[Black "Sahin, Handenur"]
[Result "1/2-1/2"]
[WhiteTitle "WCM"]
[WhiteElo "1882"]
[BlackElo "1821"]
[WhiteTeam "Denizsu Aquamatch Satranc Genclik VE Spor Kulubu"]
[BlackTeam "Ankara Demirspor Kulubu"]
[WhiteFideId "6300200"]
[BlackFideId "6334865"]
[EventDate "2014.08.18"]

1. e4 e5 2. Nf3 Nf6 3. Nxe5 d6 4. Nf3 Nxe4 5. d4 d5 6. Bd3 Nc6 7. O-O Be7 8.
Nbd2 Nxd2 9. Bxd2 Bg4 10. c3 O-O 11. Bf4 h6 12. Be2 Bd6 13. Bxd6 Qxd6 14. Qc2
Bh5 15. Rfe1 Rfe8 16. Nh4 Bxe2 17. Rxe2 Qf4 18. g3 Qg4 19. Rae1 Rxe2 20. Rxe2
Qd7 21. Qf5 Qxf5 22. Nxf5 Kf8 23. g4 Rd8 24. Kg2 Rd7 25. Kg3 Ne7 26. Ne3 c6 27.
Ng2 Nc8 28. f3 Nd6 29. Nf4 Re7 30. Rxe7 Kxe7 31. Nh5 g6 32. Nf4 Nc4 33. b3 Nd6
34. h4 Nb5 35. Ne2 Nd6 36. Kf4 f6 37. a4 a5 38. Ng3 Ke6 39. Ke3 1/2-1/2

[Event "TCh-TUR Super League 2014"]
[Site "Kocaeli TUR"]
[Date "2014.08.22"]
[Round "5.4"]
[Board "9"]
[White "Yaver, Faik Emre"]
[Black "Ozen, Deniz"]
[Result "1-0"]
[BlackTitle "FM"]
[WhiteElo "1919"]
[BlackElo "1996"]
[WhiteTeam "Ankara Demirspor Kulubu"]
[BlackTeam "Denizsu Aquamatch Satranc Genclik VE Spor Kulubu"]
[WhiteFideId "6329969"]
[BlackFideId "6349196"]
[EventDate "2014.08.18"]

1. e4 e5 2. Nf3 Nf6 3. d4 Nxe4 4. Bd3 d5 5. Nxe5 Nd7 6. Nxd7 Bxd7 7. O-O Bd6 8.
Qh5 O-O 9. Qxd5 Bc6 10. Qh5 g6 11. Qh6 Re8 12. c3 Bf8 13. Qh3 Bd7 14. Qf3 Bc6
15. Bc4 Qd7 16. Qh3 Qxh3 17. gxh3 Nd6 18. Bd3 Nf5 19. Bf4 Nh4 20. Nd2 Bg2 21.
Rfe1 Bxh3 22. Rxe8 Rxe8 23. Bxc7 Bh6 24. Bg3 Bxd2 25. Bxh4 f5 26. Bf6 Bf4 27. d5
Kf7 28. Bd4 b6 29. a4 Be5 30. Bb5 Re7 31. Bxe5 Rxe5 32. f4 Re4 33. Kf2 Bg4 34.
Re1 Rxf4+ 35. Kg3 Rf3+ 36. Kg2 Rf4 37. Be8+ Kf8 38. Bc6 Re4 39. Rxe4 fxe4 40.
Kf2 Ke7 41. Ke3 Bf3 42. b4 g5 43. c4 Kd6 44. Kd4 h5 45. c5+ bxc5+ 46. bxc5+ Kc7
47. Bb5 e3 48. d6+ Kb7 49. Kxe3 Bh1 50. Be8 h4 51. Bh5 1-0

[Event "TCh-TUR Super League 2014"]
[Site "Kocaeli TUR"]
[Date "2014.08.22"]
[Round "5.4"]
[Board "10"]
[White "Celik, Eda"]
[Black "Kargaci, Humeyra"]
[Result "1-0"]
[WhiteElo "1498"]
[BlackElo "1588"]
[WhiteTeam "Denizsu Aquamatch Satranc Genclik VE Spor Kulubu"]
[BlackTeam "Ankara Demirspor Kulubu"]
[WhiteFideId "6351727"]
[BlackFideId "6360980"]
[EventDate "2014.08.18"]

1. e4 c6 2. d4 d5 3. Nc3 dxe4 4. Nxe4 Bf5 5. Ng3 Bg6 6. h4 h6 7. Nf3 Nd7 8. h5
Bh7 9. Bd3 Bxd3 10. Qxd3 Ngf6 11. Bf4 Qa5+ 12. Bd2 Qc7 13. O-O-O e6 14. Ne4
O-O-O 15. Kb1 Nxe4 16. Qxe4 Bd6 17. c4 c5 18. Qe2 Nf6 19. Bc3 cxd4 20. Nxd4 a6
21. Nb3 Be7 22. c5 Rxd1+ 23. Rxd1 Rd8 24. Rc1 Rd5 25. c6 bxc6 26. Bxf6 Bxf6 27.
Qxa6+ Qb7 28. Rxc6+ Kb8 29. Rb6 1-0